Poder político y teoría social: seis estudios
Guardat en:
| Autor principal: | |
|---|---|
| Format: | Llibre |
| Idioma: | espanyol |
| Publicat: |
Barcelona
Anagrama
1969
|
| Col·lecció: | Argumentos, 4
|
| Matèries: | |
| Etiquetes: |
Afegir etiqueta
Sense etiquetes, Sigues el primer a etiquetar aquest registre!
|
MARC
| LEADER | 00000nam a2200000 a 4500 | ||
|---|---|---|---|
| 001 | UCR9717 | ||
| 003 | CL-VaPUC | ||
| 008 | 980613e19690000SP |||||||||||||||||spa|d | ||
| 082 | 0 | 4 | |a 303.3 |b MOO |2 21 |
| 100 | |a Moore, Barrington |e autor |9 491094 | ||
| 245 | 1 | 0 | |a Poder político y teoría social: seis estudios |
| 300 | |a 191 p | ||
| 942 | |c BK | ||
| 945 | |d 19980613 00:00:00 |a crobeson | ||
| 260 | |a Barcelona |b Anagrama |c 1969 | ||
| 650 | 0 | |a Poder político |9 255509 | |
| 650 | 0 | |a Sociología |9 255410 | |
| 650 | 0 | |a Totalitarismo |9 255261 | |
| 650 | 7 | |a TEORIA POLITICA |2 CL-VaPUC |9 412543 | |
| 650 | 0 | |a Ciencias sociales |9 256351 | |
| 650 | 0 | |a Familias |9 255641 | |
| 583 | |a last modification |c 20180328 10:14:07 |k Rodrigo Vera | ||
| 490 | 0 | |a Argumentos, 4 | |
| 999 | |c 270894 |d 270892 | ||
| 952 | |0 0 |1 0 |4 0 |6 303_300000000000000_MOO_1969 |7 0 |8 A |9 305348 |a BIBENE |b BIBENE |d 2019-11-20 |i 1418246 |o 303.3 MOO 1969 |p 1418246 |r 2025-01-15 |w 2019-11-20 |y BK |k ICO | ||